000 00496nam a2200205Ia 4500
003 OSt
005 20260219090941.0
008 210210b1972 xxu||||| |||| 00| 0 eng d
020 _a0 7131 5619 8
040 _cAL
041 _aEnglish
082 _a823.912 MASJ
100 _aMichael Mason
_9255660
245 _aJames Joyce Ulysses
260 _aLondon.
_bEdward Arnold Publishers Ltd.,
_c1972
300 _a64
690 _aEnglish Fiction
_9255661
906 _a032895
942 _2ddc
_cBK
999 _c84024
_d84024